Регионална библиотека "Любен Каравелов" - Русе

Теософия (Запис номер 134874)

MARC детайли
000 -Лидер
Контролно поле с фиксирана дължина 01564nam a2200337 c 4500
003 - Код на организацията, давaща контролен номер
Контролно поле BLK
005 - Дата и час на последна редакция
Контролно поле 20230812005116.0
008 - Елементи от данни с фиксирана дължина
fixed length control field 180409b bul|||||r ||||||| ||bul||
010 ## - Наследен системен номер
LC control number KNG00140794000
040 ## - Източник на каталожния запис
Идентификатор на билиотеката - собственик на записа BLK
041 ## - Код за език
Код за езика на текст/звукозапис или на отделно заглавие Български
Код за езика КДБФ Български
080 ## - УДК
Текстов определител УДК Философски мистицизъм. Ранни езотерични школи. Кабала. Теософия. Антропософия. Суфизъм. Еклектизъм. Синкретизъм. Херметизъм. Розенкройцерство. Др. школи
УДК код - определител по УДК 141.33
УДК определител
УДК - код + определител 141.33
100 ## - Редна дума - Автор
Автор Щайнер, Рудолф Йозеф Лоренц
Дати, свързани с автора 1861-1925
R(LIN) 244192
139 ## - Редно поле
Редна дума Щайнер, Рудолф Йозеф Лоренц
Авторски знак Щаин - Щ 17
245 10 - Сведения за заглавието
Заглавие Теософия
Редно поле (дума) Рудолф Йозеф Лоренц Щайнер; прев. от нем. Юлиан Антонов.
257 ## - Страна на издаване
Страна на създаване/издаване Австрия
260 ## - Област на издателските данни
-- София ; Плевен
Име на издателя, разпространителя и проч. Евразия-Абагар
Година на издаване 1991
300 ## - Физическа характеристика
Страници 148 с.
Размери/Мащаб 20 см
380 ## - Жанр
Жанр Философия
490 1# - СЕРИИ (Колекции)
Име на серия Библиотека Златно цвете
№: серия 4
500 ## - Общи забележки
Забележка Ориг. загл. Theosofie / Rudolf Steiner. - 1 000 тир.
650 #4 - Допълнително описание по предмет – тема
Основно описание – тема или топоним Антропософия
9 (RLIN) 147262
653 ## - Ключова дума – ненормативна
Ключова дума теософия
700 1# - Други автори (авторска отговорност)
Лично име Антонов, Юлиан
Автороска отговорност (Описва отношението между автора и произведението) прев. от нем.
9 (RLIN) 378690
852 ## - Местоположение
Форматна сигнатура Цб 166886
856 4# - Електронен адрес и достъп
Електронен формат pdf - файл
Път до файла /url/
856 4# - Електронен адрес и достъп
Електронен формат pdf - файл
Път до файла /url/
942 ## - АРТИКУЛИ
Вид на библиотечния материал Книги
Скрит в OPAC Не
Koha issues (borrowed), all copies 2
944 ## - СЪЗДАВАНЕ И РЕДАКЦИЯ на ЗАПИСА
Създаване/Редакция Създаване
Дата на регистрацията/редакция 14.03.2013
Статус, дата на статуса CRON CRON
Служител, извършил регистрацията/редакцията
944 ## - СЪЗДАВАНЕ И РЕДАКЦИЯ на ЗАПИСА
Създаване/Редакция Редакция
Дата на регистрацията/редакция 27.06.2014
Статус, дата на статуса 14.03.2013 - от С1,Р / 14.03.2013
Служител, извършил регистрацията/редакцията
999 ## - СИСТЕМНИ КОНТРОЛНИ НОМЕРА
Koha biblionumber 134874
Koha biblioitemnumber 134874
Наличности
Код за отписване Код за изгубен артикул Източник на класификационната схема Код за повреда Коз за рестрикции Код за отдаване Артикулен № Име на библиотеката - собственик Име на библиотеката, в която се намира в момента Статус (Текущо местоположение) Дата на вписване в системата Местоположение - отдел Цена в лева Инвентарен номер Систематично азбучна сигнатура Баркод Номер на екземпляра Цена в евро Служебна бележка Служебен тип на артикула
  Не е изгубен Universal Decimal Classification Не е повреден без рестрикции ползва се в читалня 220526 Регионална библиотека "Любен Каравелов" Русе Регионална библиотека "Любен Каравелов" Русе Хранилище 1991-01-01 Хранилище 7.95 560911 Цб 166886 120000560911 1 4.06 Дост: Dp Вид: Д N: стар фонд Дата: 01.01.1991 Книги
Изтеглен Не е изгубен Universal Decimal Classification Не е повреден без рестрикции заемане за дома 220527 Регионална библиотека "Любен Каравелов" Русе Регионална библиотека "Любен Каравелов" Русе Заемна - подръчен фонд 1991-01-01 Заемна - подръчен фонд 10.00 566033 П 14/Щ 17 566033 2 5.11 Дост: Pk Вид: Ф N: стар фонд Дата: 01.01.1991 Дата инв: 01.02.2018 Бележки инв: П2018 Книги
Изтеглен Не е изгубен Universal Decimal Classification Не е повреден без рестрикции заемане за дома 220528 Регионална библиотека "Любен Каравелов" Русе Регионална библиотека "Любен Каравелов" Русе Заемна - подръчен фонд 1991-01-01 Заемна - подръчен фонд 10.00 566034 П 14/Щ 17 566034 3 5.11 Дост: Pk Вид: Ф N: стар фонд Дата: 01.01.1991 Дата инв: 01.02.2018 Бележки инв: П2018 Книги
Vip Innovations Ltd, Rousse, Bulgaria 2025